| 000 | 00814cam a2200277I 4500 | ||
|---|---|---|---|
| 001 | 24908 | ||
| 003 | GBCCL | ||
| 005 | 20241126110342.0 | ||
| 008 | 720525s1964 miuak b 000 0 eng | ||
| 010 | _a 64022018 | ||
| 020 | _a0802815596 | ||
| 035 | _a(OCoLC)00317912 | ||
| 040 |
_aDLC _cASC _dOCL _dSER |
||
| 049 | _aLBBK | ||
| 050 | 0 |
_aBV1521 _b.B6 |
|
| 082 |
_a268.1 _bBOW |
||
| 092 |
_a268.2 _bB786 |
||
| 100 | 1 | _aBower, Robert K. | |
| 245 | 1 | 0 |
_aAdministering Christian education; _bprinciples of administration for ministers and Christian leaders, _cby Robert K. Bower. |
| 260 |
_aGrand Rapids, _bW.B. Eerdmans Pub. Co. _c[1964] |
||
| 300 |
_a227 p. _billus., forms. _c24 cm. |
||
| 504 | _aBibliography: p. 219-223. | ||
| 650 | 0 | _aSunday schools. | |
| 650 | 0 | _aReligious education. | |
| 942 |
_2ddc _cBK _04 |
||
| 999 |
_c627 _d627 |
||